| 000 | 00964cam a2200241 a 4500 | ||
|---|---|---|---|
| 001 | 000011045 | ||
| 005 | 20200929162339.0 | ||
| 008 | 750819s1967 pr a 000 0 spa d | ||
| 020 | _a0847723135 | ||
| 040 |
_aDO-SdBNP _bspa _cBNPHU |
||
| 082 |
_a582.167295 _bL778a |
||
| 100 | 1 |
_aLittle, Elbert L., _d1907-2004 _926506 |
|
| 245 | 1 | 0 |
_aÁrboles comunes de Puerto Rico y las Islas vírgenes / _cElbert L. Little Jr., Frank H. Wadsworth y José Marrero ; Acuarelas por Frances W. Horne. |
| 260 |
_aRío Piedras, Puerto Rico : _bUniversidad de Puerto Rico, _c1967. |
||
| 300 |
_axxxix, 731 p. : _bil. ; _c28 cm. |
||
| 504 | _aIncluye bibliografía e índice. | ||
| 500 | _aLos ejemplares 1 y 2 son la primera reimpresión del 1977. | ||
| 650 | 4 |
_aArboles _zPuerto Rico _926507 |
|
| 650 | 4 |
_aArboles _zIslas Virgenes De Estados Unidos _926508 |
|
| 700 | 1 |
_aWadsworth, Frank H. _926509 |
|
| 700 | 1 |
_aMarrero Torrado, José _926510 |
|
| 700 | 1 |
_aHorne, Frances W. _926511 |
|
| 999 |
_c10776 _d10776 |
||